20 cidades mais populosas do Tocantins - Statistics

Estatísticas Gerais
  • Esse quiz foi jogado 114 vezes
  • A pontuação média é 11 de 20
Estatísticas das Respostas
Nº de Habitantes Letra Inicial Cidade % Correto
272 726 P Palmas
100%
170 183 A Araguaína
97%
83 707 G Gurupi
93%
52 182 P Porto Nacional
87%
49 076 P Paraíso do Tocantins
68%
23 141 T Tocantinópolis
68%
34 392 A Araguatins
62%
25 149 G Guaraí
59%
33 981 C Colinas do Tocantins
54%
19 634 M Miracema do Tocantins
52%
11 709 X Xambioá
44%
21 167 D Dianópolis
39%
13 928 M Miranorte
38%
18 742 F Formoso do Araguaia
34%
17 627 A Augustinópolis
32%
12 813 G Goiatins
32%
12 184 L Lagoa da Confusão
30%
12 900 P Pedro Afonso
30%
16 238 T Taguatinga
21%
11 597 S São Miguel do Tocantins
18%
Nenhum quiz correspondente encontrado
Distribuição das Pontuações
Porcentagem de Pessoas com Cada Pontuação
Percentil de Números Respondidos
Sua Pontuação Histórica
Você não jogou esse quiz